ENGINEERING ELECTRICL MACHINES (Record no. 8121)

MARC details
000 -LEADER
fixed length control field 00394nam a22001577a 4500
005 - DATE AND TIME OF LATEST TRANSACTION
control field 20221219164006.0
008 - FIXED-LENGTH DATA ELEMENTS--GENERAL INFORMATION
fixed length control field 221219b |||||||| |||| 00| 0 eng d
020 ## - INTERNATIONAL STANDARD BOOK NUMBER
ISBN 978-9387477-07-0
041 ## - LANGUAGE CODE
Language code of text/sound track or separate title eng
082 ## - DEWEY DECIMAL CLASSIFICATION NUMBER
Classification number 621.3-JIN-E
100 ## - MAIN ENTRY--AUTHOR NAME
Personal name JINDAL ,G K
245 ## - TITLE STATEMENT
Title ENGINEERING ELECTRICL MACHINES
260 ## - PUBLICATION, DISTRIBUTION, ETC. (IMPRINT)
Place of publication NEW DELHI
Name of publisher NEW AGE INTERNATIONAL
300 ## - PHYSICAL DESCRIPTION
Number of Pages 222;P.
942 ## - ADDED ENTRY ELEMENTS (KOHA)
Koha item type Books
Holdings
Lost status Damaged status Home library Current library Date acquired Source of acquisition Cost, normal purchase price Full call number Accession Number Koha item type
    JRU Library JRU Library 07/11/2022 DONATED 350.00 621.3-JIN-E 27080 Books